[Event "Challenge"]
[Site "http://www.queenalice.com/game.php?id=98729"]
[Date "2006.8.23"]
[Round "-"]
[White "cwobritton1875"]
[Black "pbeesley"]
[Result "0-1"]
[WhiteElo "1355"]
[BlackElo "1419"]

1. a4 e6 2. b3 Qf6 3. c3 Bc5 4. d4 Bf8 5. e4 d5 6. e5 Qe7 7. f4 c5 8. Nf3 cxd4
9. Nxd4 Nc6 10. Nb5 Qd8 11. Nd2 g5 12. Qh5 a6 13. Nd4 Nxd4 14. cxd4 b5 15. Nf3
bxa4 16. Nxg5 Nh6 17. Rxa4 Bd7 18. Ra2 a5 19. Bd2 a4 20. bxa4 Rxa4 21. Rb2 Ra1+
22. Ke2 Ra4 23. Kd1 Rxd4 24. Bb5 Rg8 25. Nxh7 Rxg2 26. Nf6+ Ke7 27. Nxd7 Rdxd2+
28. Rxd2 Rxd2+ 29. Kxd2 Qa5+ 30. Ke2 Qxb5+ 31. Ke1 Qb4+ 32. Kf1 Qxf4+ 33. Ke2
Qe4+ 34. Kf1 Qxh1+ 0-1

[Event "Let's eat bacon!"]
[Site "http://www.queenalice.com/game.php?id=102361"]
[Date "2006.9.4"]
[Round "-"]
[White "cwobritton1875"]
[Black "pbeesley"]
[Result "0-1"]
[WhiteElo "1334"]
[BlackElo "1444"]

1. e4 e5 2. Qf3 Qf6 3. Nh3 Qxf3 4. gxf3 Nc6 5. Rg1 g6 6. d4 Nxd4 7. Bd3 Nxf3+ 8.
Kd1 Nxg1 9. Nxg1 c6 10. Nf3 d6 11. Ng5 Bg4+ 12. f3 Bh5 13. a4 Bh6 14. c4 f6 15.
Ne6 Bxf3+ 16. Kc2 Kd7 17. Bxh6 Nxh6 18. Nd2 Bg4 19. Rf1 Bxe6 20. Rxf6 Rag8 21.
c5 dxc5 22. Bc4 Bxc4 23. Nxc4 Ke7 24. Rd6 b5 25. Rxc6 bxc4 26. Rc7+ Kd8 27. Rxa7
Ng4 28. a5 Re8 29. h3 Nf6 30. Rf7 Nxe4 31. a6 Re7 32. Rf1 Ra7 33. Ra1 h5 34. b3
cxb3+ 35. Kxb3 g5 36. Kc4 Rh6 37. Kb5 g4 38. h4 g3 39. Kc4 g2 40. Kd5 Raxa6 41.
Rd1 Rhd6+ 42. Kxe4 Rxd1 43. Kxe5 g1=Q 44. Kf5 Qg4+ 45. Ke5 Qxh4 46. Kf5 Rd5# 0-1

[Event "Challenge"]
[Site "http://www.queenalice.com/game.php?id=102425"]
[Date "2006.9.4"]
[Round "-"]
[White "goodgambit"]
[Black "pbeesley"]
[Result "1-0"]
[WhiteElo "1529"]
[BlackElo "1432"]

1. e4 e5 2. Nf3 Nc6 3. Nc3 Na5 4. Nxe5 d6 5. Nc4 b6 6. Qf3 Nh6 7. Nxa5 bxa5 8.
e5 dxe5 9. Qxa8 Bf5 10. Bb5+ Bd7 11. Bxd7+ Kxd7 12. Qxa7 Nf5 13. O-O Nd4 14.
Qxa5 Nc6 15. Qd5+ Kc8 16. Qxc6 g6 17. Nb5 Qd7 18. Qa8# 1-0

[Event "Challenge"]
[Site "http://www.queenalice.com/game.php?id=105959"]
[Date "2006.9.14"]
[Round "-"]
[White "Croftsy"]
[Black "pbeesley"]
[Result "1-0"]
[WhiteElo "1599"]
[BlackElo "1432"]

1. h4 e6 2. f4 Be7 3. g3 Nf6 4. Bg2 Nh5 5. Rh3 d6 6. Nc3 e5 7. e3 Bxh3 8. Nxh3
exf4 9. gxf4 Bxh4+ 10. Kf1 f6 11. Qxh5+ g6 12. Qxh4 g5 13. Qh5+ Ke7 14. Bxb7 Qe8
15. Qf3 Nd7 16. Bxa8 Nb6 17. Bc6 Qd8 18. fxg5 Rf8 19. Qe4+ Kf7 20. b3 Qe7 21.
Qxh7+ 1-0

[Event "Give me the wine!"]
[Site "http://www.queenalice.com/game.php?id=113699"]
[Date "2006.10.5"]
[Round "-"]
[White "cwobritton1875"]
[Black "pbeesley"]
[Result "0-1"]
[WhiteElo "1366"]
[BlackElo "1468"]

1. e4 e6 2. Qg4 Nf6 3. Qe2 Nc6 4. Nc3 Nd4 5. Qd3 e5 6. f4 d6 7. Nh3 Ng4 8. Ng5
f6 9. Qb5+ Nxb5 10. Nxb5 fxg5 11. fxg5 a6 12. h3 axb5 13. hxg4 Qxg5 14. Bxb5+
Bd7 15. d4 Qxg4 16. c4 Qxe4+ 17. Kd1 Qxd4+ 18. Ke1 c6 19. Ba4 Qe4+ 20. Kd1 Bg4+
21. Kd2 Qxg2+ 0-1

[Event "Bored"]
[Site "http://www.queenalice.com/game.php?id=115792"]
[Date "2006.10.11"]
[Round "-"]
[White "cwobritton1875"]
[Black "pbeesley"]
[Result "0-1"]
[WhiteElo "1354"]
[BlackElo "1480"]

1. e4 e5 2. Qf3 Qf6 3. Nc3 Qxf3 4. gxf3 Nc6 5. Nd5 Bd6 6. f4 exf4 7. Nh3 Nd4 8.
Bd3 f3 9. Ng5 c6 10. Nc3 h6 11. Nh3 Nf6 12. Rg1 Bxh2 13. Rxg7 Rg8 14. e5 Rxg7
15. exf6 Rg2 16. Ne4 d5 17. Nc5 Bxh3 18. Nxb7 Rg1+ 0-1

[Event "Challenge"]
[Site "http://www.queenalice.com/game.php?id=135154"]
[Date "2006.11.30"]
[Round "-"]
[White "pbeesley"]
[Black "Cristiano_Goiaba"]
[Result "1-0"]
[WhiteElo "1589"]
[BlackElo "1364"]

1. e3 e6 2. Nc3 b6 3. Nf3 Nh6 4. Ne4 Bb7 5. Bd3 Bxe4 6. Bxe4 c6 7. c3 Qf6 8. g3
Ng4 9. h3 Nh6 10. a4 Na6 11. b4 O-O-O 12. b5 Nc5 13. d4 Nxe4 14. bxc6 dxc6 15.
Ba3 Bxa3 16. Rxa3 c5 17. Qe2 a5 18. Qa6+ Kc7 19. Qa7+ Kc6 20. Ne5+ Kd5 21. c4+
Kd6 22. Qxb6+ Ke7 23. Qc7+ Kf8 24. Nd7+ Rxd7 25. Qxd7 cxd4 26. Ra2 dxe3 27. Qc8+
Ke7 28. Qb7+ Kd6 29. Qxe4 Qc3+ 30. Ke2 Nf5 31. Rd1+ Kc5 32. Rc2 Qb3 33. Qd3 Qb4
34. Qc3 g5 35. Qxh8 Qxa4 36. Qc8+ Kb6 37. c5+ Kb5 38. Qb7# 1-0

[Event "If I win I get your Wii??"]
[Site "http://www.queenalice.com/game.php?id=142211"]
[Date "2006.12.15"]
[Round "-"]
[White "cwobritton1875"]
[Black "pbeesley"]
[Result "0-1"]
[WhiteElo "1316"]
[BlackElo "1584"]

1. e4 e5 2. Qh5 Qf6 3. Nf3 g6 4. Qxe5+ Qxe5 5. Nxe5 Nc6 6. f4 Bh6 7. g3 Nxe5 8.
fxe5 f6 9. exf6 Nxf6 10. Nc3 d6 11. Nd5 Nxd5 12. exd5 O-O 13. d3 Re8+ 14. Be2
Bg4 15. Bxh6 Rxe2+ 16. Kf1 Bf3 17. Re1 Ree8 18. Re3 Bxh1 19. Rxe8+ Rxe8 20. b4
Bxd5 21. c4 Be6 22. d4 Bxc4+ 23. Kf2 Re2+ 24. Kg1 c5 25. dxc5 d5 26. a4 Re5 27.
b5 d4 28. c6 bxc6 29. bxc6 d3 30. c7 Ba6 31. h4 d2 32. Bxd2 Bb7 33. a5 a6 34. g4
Rd5 35. Bc3 Rd1+ 36. Kf2 Rc1 37. Be5 Rc5 38. Bd6 Rxa5 39. Bb4 Ra2+ 40. Ke3 Rh2
41. Be7 Bc8 42. Ke4 Re2+ 0-1

[Event "Challenge"]
[Site "http://www.queenalice.com/game.php?id=166281"]
[Date "2007.2.9"]
[Round "-"]
[White "pbeesley"]
[Black "julie"]
[Result "1-0"]
[WhiteElo "1601"]
[BlackElo "1494"]

1. Nc3 e5 2. Nf3 Bc5 3. Na4 b6 4. Nxc5 bxc5 5. Nxe5 d6 6. Nd3 Nf6 7. c3 O-O 8.
b4 cxb4 9. cxb4 Ng4 10. h3 Ne5 11. Nf4 Qf6 12. Nd5 Qd8 13. e3 Bb7 14. e4 c6 15.
Nf4 g5 16. Nh5 Qb6 17. d4 Qxb4+ 18. Bd2 Qxd4 19. Be3 Qxe4 20. Qxd6 Re8 21. Nf6+
Kh8 22. Nxe4 Nbd7 23. Bd4 Rad8 24. Rb1 Re6 25. Qc7 Rg8 26. Qxb7 Rd8 27. Nxg5 Rf6
28. Qxa7 Rf5 29. h4 f6 30. Ne4 Ng4 31. f3 Nh6 32. g4 Rxf3 33. Qc7 Nf7 34. g5 Re8
35. Qxd7 Rxe4+ 36. Be2 Rxd4 37. Rb8+ Kg7 38. gxf6+ Kxf6 39. Qxd4+ Ne5 40. Bxf3
c5 41. Qf4+ Ke6 42. Re8+ Kd6 43. Qxe5+ 1-0

[Event "Challenge"]
[Site "http://www.queenalice.com/game.php?id=166282"]
[Date "2007.2.9"]
[Round "-"]
[White "pbeesley"]
[Black "julie"]
[Result "0-1"]
[WhiteElo "1613"]
[BlackElo "1482"]

1. Nf3 g6 2. e3 Bg7 3. Bc4 e6 4. e4 Nf6 5. e5 Nh5 6. c3 Nf4 7. O-O h5 8. d4 Bh6
9. Na3 b6 10. Bxf4 Bxf4 11. d5 exd5 12. Bxd5 c6 13. Qd4 Ba6 14. Ng5 Qxg5 15. Bc4
Qh4 16. g3 Qg4 17. Qxf4 Qxf4 18. gxf4 Bb7 19. Rae1 c5 20. e6 fxe6 21. Nb5 Na6
22. Nd6+ Ke7 23. Nxb7 Nc7 24. b4 Rab8 25. bxc5 Rxb7 26. cxb6 Rxb6 27. a4 Rf8 28.
a5 Rc6 29. Re4 Ne8 30. Rd4 Nf6 31. Bb5 Rc7 32. Rc4 Rb7 33. Ba4 Nd5 34. a6 Rb6
35. Bb3 Rxb3 36. Rd4 Rxf4 37. Rxf4 Nxf4 38. c4 Ra3 39. c5 Rxa6 40. h4 Rc6 41. f3
Rxc5 42. Re1 a5 43. Re4 Nh3+ 44. Kh2 Nf2 45. Kg3 Nxe4+ 0-1

[Event "Friendly Match Challenge"]
[Site "http://www.queenalice.com/game.php?id=170803"]
[Date "2007.2.18"]
[Round "-"]
[White "Ferdyrojo"]
[Black "pbeesley"]
[Result "1-0"]
[WhiteElo "1640"]
[BlackElo "1596"]

1. e4 e5 2. Nf3 Nf6 3. Nxe5 Nxe4 4. d4 Bb4+ 5. c3 Bd6 6. Bf4 Qf6 7. Qf3 Qf5 8.
Nd2 Nxd2 9. Bxd2 Nc6 10. Qxf5 g6 11. Qf6 Rg8 12. Qxf7+ Kd8 13. Qxg8+ Ke7 14.
Bg5# 1-0

[Event "Friendly Match Challenge"]
[Site "http://www.queenalice.com/game.php?id=170804"]
[Date "2007.2.18"]
[Round "-"]
[White "pbeesley"]
[Black "Ferdyrojo"]
[Result "0-1"]
[WhiteElo "1596"]
[BlackElo "1658"]

1. Nc3 d5 2. e4 d4 3. Nd5 e6 4. Nf4 Nc6 5. c3 dxc3 6. bxc3 Nf6 7. Nf3 Bd6 8. d3
Ne5 9. Qa4+ Bd7 10. Qb3 Nxf3+ 11. gxf3 b6 12. Ba3 Bxf4 13. d4 e5 14. dxe5 Bxe5
15. Bc4 c5 16. Rd1 O-O 17. Bb5 Qc7 18. Qa4 Bxb5 19. Qxb5 Bxc3+ 20. Ke2 Rfd8 21.
Qb3 Be5 22. Bb2 Bxb2 23. Qxb2 Qf4 24. Rxd8+ Rxd8 25. Qa3 Qd2+ 26. Kf1 Qd3+ 27.
Qxd3 Rxd3 28. e5 Nd5 29. a4 Rxf3 30. h4 c4 31. Kg2 Ra3 32. Rd1 Rd3 33. Rb1 Kf8
34. a5 Ke7 35. axb6 axb6 36. Ra1 Ke6 37. Re1 b5 38. Rf1 Kxe5 39. Re1+ Kd4 0-1

[Event "Challenge"]
[Site "http://www.queenalice.com/game.php?id=171145"]
[Date "2007.2.19"]
[Round "-"]
[White "TheBooth"]
[Black "pbeesley"]
[Result "1-0"]
[WhiteElo "1743"]
[BlackElo "1596"]

1. e4 e5 2. d4 exd4 3. Qxd4 Qe7 4. Nc3 Nc6 5. Qd1 Qd6 6. Qf3 Nd4 7. Bd3 Nxf3+ 8.
Nxf3 Qg6 9. O-O d5 10. exd5 Qf6 11. Re1+ Be7 12. Bg5 Qd6 13. Nb5 Qc5 14. a3 h6
15. b4 Qb6 16. Be3 c5 17. Bxc5 Qa6 18. Nc7+ Kd7 19. Nxa6 bxa6 20. Ne5+ Kc7 21.
Nxf7 Bf6 22. Rad1 Bb7 23. d6+ Kc8 24. Bf5+ 1-0

[Event "It's been a while biatch"]
[Site "http://www.queenalice.com/game.php?id=177866"]
[Date "2007.3.6"]
[Round "-"]
[White "cwobritton1875"]
[Black "pbeesley"]
[Result "0-1"]
[WhiteElo "1311"]
[BlackElo "1586"]

1. e4 e5 2. Qh5 Qf6 3. Nf3 Qh6 4. Qxe5+ Qe6 5. Qxc7 Na6 6. Bxa6 Qxa6 7. Qe5+ Qe6
8. Nc3 d6 9. Qb5+ Qd7 10. e5 Qxb5 11. Nxb5 dxe5 12. Nc7+ Ke7 13. Nxa8 e4 14. Ng1
Nf6 15. d3 exd3 16. Bd2 dxc2 17. Bb4+ Ke8 18. Rc1 Bxb4+ 19. Ke2 Bf5 20. Nc7+ Kd7
21. Nb5 Re8+ 22. Kf3 Be4+ 23. Ke3 Bf5+ 24. Kf4 Bd2+ 25. Kxf5 Bxc1 26. Nf3 Bxb2
27. Ng5 Re5+ 28. Kf4 Rxb5 29. Nxf7 Nh5+ 30. Kg4 Nf6+ 31. Kf4 Nh5+ 32. Kg4 g6 33.
Re1 Nf6+ 34. Kf4 Rf5+ 35. Ke3 Ng4+ 36. Ke4 Nxf2+ 37. Ke3 h5 38. Re2 c1=Q+ 39.
Rd2+ Ke7 40. Nd8 Qc3+ 41. Ke2 Qe5+ 42. Kf1 Nd1+ 43. Rf2 Rxf2+ 0-1

[Event "Challenge"]
[Site "http://www.queenalice.com/game.php?id=184851"]
[Date "2007.3.19"]
[Round "-"]
[White "zecafernandes"]
[Black "pbeesley"]
[Result "0-1"]
[WhiteElo "1439"]
[BlackElo "1591"]

1. e4 e5 2. Nf3 Nf6 3. d4 exd4 4. Qxd4 Nc6 5. Qe3 Qe7 6. Nc3 Ng4 7. Qf4 Nf6 8.
Qxc7 Nb4 9. Nd4 h5 10. g3 Na6 11. Qc4 Qc5 12. Bg5 Qxc4 13. Bxc4 Ng4 14. h3 Ne5
15. Bd5 Nb4 16. O-O Bc5 17. Nf5 Nf3+ 18. Kg2 Nxg5 19. Nxg7+ Kf8 20. Nf5 Nxc2 21.
Rac1 Nb4 22. e5 Nxd5 23. Nxd5 d6 24. Nfe7 Kg7 25. h4 Bh3+ 0-1

[Event "Challenge"]
[Site "http://www.queenalice.com/game.php?id=186923"]
[Date "2007.3.24"]
[Round "-"]
[White "knightsdefence"]
[Black "pbeesley"]
[Result "0-1"]
[WhiteElo "1322"]
[BlackElo "1574"]

1. f4 e6 2. d4 Bb4+ 3. Bd2 Nc6 4. Bxb4 Nxb4 5. a3 Nd5 6. c3 Ne3 7. Qd2 Nxf1 8.
Kxf1 Nf6 9. e3 Ne4 10. Qe1 h5 11. Nd2 Nxd2+ 12. Qxd2 b6 13. Nf3 Bb7 14. Kf2 h4
15. h3 Qf6 16. Ke2 e5 17. Nxe5 O-O-O 0-1

[Event "Challenge"]
[Site "http://www.queenalice.com/game.php?id=207421"]
[Date "2007.5.7"]
[Round "-"]
[White "pbeesley"]
[Black "Uchoas"]
[Result "1-0"]
[WhiteElo "1580"]
[BlackElo "1608"]

1. Nf3 e6 2. Nc3 d5 3. e3 Nf6 4. Bb5+ c6 5. Bd3 Nbd7 6. a4 Nc5 7. b4 Nxd3+ 8.
cxd3 Bxb4 9. Qb3 Qd6 10. Na2 a5 11. e4 dxe4 12. dxe4 Nxe4 13. Nxb4 axb4 14. Qe3
Qd5 15. Bb2 O-O 16. d3 b6 17. Qxe4 Re8 18. Ne5 c5 19. f3 Qb3 20. Qxa8 Qxb2 21.
Qa7 Qxa1+ 22. Ke2 Qxh1 23. Qxf7+ Kh8 24. Qxe8# 1-0